Primi 15 paesi interessati da Covid-19 - 11 maggio 2022 - Statistics

Statistiche generali
  • Questo quiz è stato fatto 11 volte
  • Il punteggio medio è 14 su 29
Statistiche sulle risposte
paese % Corretto
Italia
100%
Stati Uniti
100%
Francia
91%
Germania
82%
Regno Unito
82%
Russia
82%
India
73%
Spagna
73%
Paesi Bassi
64%
Paesi Bassi
64%
Argentina
55%
Brasile
55%
Giappone
55%
Belgio
45%
Portogallo
45%
Svizzera
45%
Austria
36%
Corea del Sud
36%
Slovenia
36%
Danimarca
27%
Israele
27%
Cechia
18%
Estonia
18%
Lettonia
18%
Lituania
18%
Turchia
18%
Georgia
9%
Vietnam
9%
Cipro
0%
Nessun quiz corrispondente trovato
Distribuzione punteggi
Percentuale di utenti per punteggio
Percentile per numero di risposta
I tuoi punteggi nel tempo
Non hai fatto questo quiz